| 000 | 00418nam a22001337a 4500 | ||
|---|---|---|---|
| 008 | 160805b xxu||||| |||| 00| 0 eng d | ||
| 050 | _aPS 3557 .R5355A86 2008 | ||
| 100 |
_aMarx, Karl. _d2008. |
||
| 245 |
_aCapital / _cKarl Marx. |
||
| 260 |
_aMoscow; _bProgress publishers, _c2008. |
||
| 300 |
_axi, 947 p. _bIncludes index. |
||
| 440 | _vVol III | ||
| 942 |
_2lcc _cBOOKS _hPS 3557 .R5355A86 2008 |
||
| 999 |
_c12701 _d12701 |
||